000 00811cam a22002771 4500
001 sa 67002246
003 DLC
005 20260227112329.0
008 900214s1965 ii 000 0 sano
010 _asa 67002246
035 _a(OCoLC)21064387
040 _aDLC
_cWaU
_dDLC
041 0 _asanhin
042 _apremarc
050 0 0 _aPK3796
_b.M2 1965
100 1 _aKālikāsa.
245 0 0 _aMahākaviśrīkālidāsaviracitaṃ Mālavikāgnimitram.
260 _c1965.
300 _a24, 248 p.
_c19 cm.
490 1 _aHaridas Sanskrit series,
_v216
500 _aAdded t.p. in English.
500 _aHindi and Sanskrit; introductory matter in Hindi or Sanskrit.
600 0 0 _aMisra, Ram Chandra,
_d1922-
740 0 _aMālavikāgnimitram.
830 0 _aHaridāsa-Saṃskr̥ta-granthamālā ;
_v216.
999 _c73152
_d73152